Mathematics structure & Skills (second book) / (Record no. 181389)
[ view plain ]
| 000 -LEADER | |
|---|---|
| fixed length control field | 00975 a2200241 4500 |
| 003 - CONTROL NUMBER IDENTIFIER | |
| control field | NUST |
| 005 - DATE AND TIME OF LATEST TRANSACTION | |
| control field | 20221031170242.0 |
| 010 ## - LIBRARY OF CONGRESS CONTROL NUMBER | |
| LC control number | 2005271511 |
| 020 ## - INTERNATIONAL STANDARD BOOK NUMBER | |
| International Standard Book Number | 0971696225 (pbk.) |
| 035 ## - SYSTEM CONTROL NUMBER | |
| System control number | (OCoLC)ocm51932756 |
| 040 ## - CATALOGING SOURCE | |
| Transcribing agency | Nust |
| 082 ## - DEWEY DECIMAL CLASSIFICATION NUMBER | |
| Classification number | 510,DEN |
| 100 1# - MAIN ENTRY--PERSONAL NAME | |
| Personal name | Denholm,Richard A |
| 9 (RLIN) | 102063 |
| 245 14 - TITLE STATEMENT | |
| Title | Mathematics structure & Skills (second book) / |
| Statement of responsibility, etc. | Richard A Denholm |
| 260 ## - PUBLICATION, DISTRIBUTION, ETC. | |
| Place of publication, distribution, etc. | Calfornia |
| Name of publisher, distributor, etc. | state Series, |
| Date of publication, distribution, etc. | 1970 |
| 300 ## - PHYSICAL DESCRIPTION | |
| Extent | vii, 471 p. : |
| Other physical details | ill. ; |
| Dimensions | 23 cm. |
| 505 ## - FORMATTED CONTENTS NOTE | |
| Formatted contents note | Numeration Systems (Page-1), Number Ideas and Patterns (Page-55), Numbers of Arithmetic (Page-115), Geometry (Page-177), Introduction to Integers (Page-227), Number Phrases and Sentences (Page-275), Congruence (Page-321), Rate Ratio and Percents (Page-371), Extending Number Systems (Page-417). |
| 650 #0 - SUBJECT ADDED ENTRY--TOPICAL TERM | |
| Topical term or geographic name entry element | Mathematics |
| 650 #0 - SUBJECT ADDED ENTRY--TOPICAL TERM | |
| Topical term or geographic name entry element | Policy sciences |
| General subdivision | Methodology. |
| 9 (RLIN) | 102064 |
| 650 #0 - SUBJECT ADDED ENTRY--TOPICAL TERM | |
| Topical term or geographic name entry element | System analysis. |
| 9 (RLIN) | 2233 |
| 700 1# - ADDED ENTRY--PERSONAL NAME | |
| Personal name | Warfield, John N. |
| 9 (RLIN) | 102065 |
| 942 ## - ADDED ENTRY ELEMENTS (KOHA) | |
| Source of classification or shelving scheme | |
| Koha item type | Book |
| Call number prefix | 510,DEN |
| Withdrawn status | Lost status | Source of classification or shelving scheme | Damaged status | Not for loan | Permanent Location | Current Location | Shelving location | Date acquired | Full call number | Barcode | Date last seen | Price effective from | Koha item type | Public note |
|---|---|---|---|---|---|---|---|---|---|---|---|---|---|---|
| Military College of Signals (MCS) | Military College of Signals (MCS) | General Stacks | 12/12/2016 | 510,DEN | MCS7682 | 12/08/2016 | 12/12/2016 | Book Bank | Almirah No. A/135, Shelf No.4 |
